[Event "Stuttgart-chB int"]
[Site "Ditzingen"]
[Date "2018.05.10"]
[Round "2"]
[White "Speh, Hans"]
[Black "Kobald, Matthias"]
[Result "1/2-1/2"]
[WhiteElo "1830"]
[BlackElo "1705"]
[PlyCount "62"]
[EventDate "2018.05.10"]
[EventType "swiss"]
[EventRounds "7"]
[EventCountry "GER"]
[SourceTitle "EXT 2020"]
[Source "ChessBase"]
[SourceDate "2019.10.17"]
[SourceVersion "1"]
[SourceVersionDate "2019.10.17"]
[SourceQuality "1"]

1. e4 c5 2. d3 Nc6 3. Nc3 g6 4. Be3 d6 5. Qd2 Bg7 6. Nge2 Nd4 7. Bxd4 cxd4 8. Nd1 Qb6 9. b3 Bh6 10. f4 e5 11. g3 Be6 12. Nb2 Ne7 13. h4 0-0-0 14. Bh3 Bxh3 15. Rxh3 Kb8 16. Nc4 Qc5 17. Qa5 Qxa5+ 18. Nxa5 Bg7 19. Nc4 h5 20. a4 f6 21. Kd2 d5 22. exd5 Nxd5 23. Rf1 Rhf8 24. Rh2 Bh6 25. Rhf2 Rfe8 26. Kc1 a6 27. Kb2 Re7 28. fxe5 fxe5 29. Rf7 Rdd7 30. Rxe7 Rxe7 31. Rf3 Rc7 1/2-1/2